[Event "SR 1. liga zapad 2015/2016"]
[Site "?"]
[Date "2015.11.14"]
[Round "3.8"]
[White "Hrstka, Samuel"]
[Black "Michalek, Matej"]
[Result "1/2-1/2"]
[WhiteElo "1849"]
[BlackElo "1939"]
[PlyCount "29"]
[EventDate "2015.??.??"]

1. e4 e6 2. d4 d5 3. Nd2 Nf6 4. e5 Nfd7 5. Bd3 c5 6. c3 Nc6 7. Ne2 Qb6 8. Nf3
cxd4 9. cxd4 Be7 10. O-O O-O 11. Nf4 Re8 12. Bb1 Nf8 13. Qd3 Bd7 14. Rd1 Na5
15. Nh5 1/2-1/2

[Event "SR 1. liga zapad 2015/2016"]
[Site "?"]
[Date "2015.11.14"]
[Round "3.1"]
[White "Borik, Juraj"]
[Black "Maros, Milan"]
[Result "0-1"]
[WhiteElo "2186"]
[BlackElo "2341"]
[PlyCount "80"]
[EventDate "2015.??.??"]

1. Nf3 d5 2. c4 d4 3. e3 Nc6 4. a3 e5 5. d3 Nf6 6. e4 a5 7. b3 g6 8. g3 Bg7 9.
Bg2 O-O 10. O-O Nd7 11. Ra2 Nc5 12. Rb2 f5 13. Nh4 fxe4 14. dxe4 Be6 15. Re1
Qd7 16. Bf1 Qf7 17. f3 h6 18. Nd2 Bf6 19. Ng2 Kh7 20. f4 Bh3 21. b4 axb4 22.
axb4 Ne6 23. Nf3 exf4 24. gxf4 Bg7 25. b5 Ne7 26. f5 gxf5 27. exf5 Nxf5 28. Ne5
Bxe5 29. Rxe5 Qf6 30. Re1 Rg8 31. Qh5 Bg4 32. Rbe2 Bxh5 33. Rxe6 Qg7 34. R1e5
Raf8 35. Bf4 Bf3 36. Kf2 Bxg2 37. Bd3 Bh3 38. Re7 Rf7 39. Rxf5 Bxf5 40. Bxf5+
Rxf5 0-1

[Event "SR 1. liga zapad 2015/2016"]
[Site "?"]
[Date "2015.11.14"]
[Round "3.2"]
[White "Ondrus, Martin"]
[Black "Kovacik, Emil"]
[Result "1-0"]
[WhiteElo "2292"]
[BlackElo "2164"]
[PlyCount "111"]
[EventDate "2015.??.??"]

1. e4 e6 2. d4 d5 3. Nd2 c5 4. exd5 Qxd5 5. dxc5 Bxc5 6. Ngf3 Nf6 7. Bc4 Qh5 8.
Nb3 Bb6 9. Qe2 O-O 10. Bg5 Nc6 11. O-O-O e5 12. Bxf6 gxf6 13. Kb1 Bg4 14. Bd5
Rad8 15. h3 Be6 16. Bxe6 fxe6 17. Nbd2 Qf7 18. g4 Bc7 19. h4 Nd4 20. Nxd4 Rxd4
21. Ne4 Rxd1+ 22. Rxd1 Rd8 23. Re1 Kg7 24. f3 Ba5 25. Rf1 Bc7 26. a3 Rd4 27.
Qb5 Qd7 28. Qxb7 Rd1+ 29. Rxd1 Qxd1+ 30. Ka2 Qd5+ 31. Qxd5 exd5 32. Nc3 d4 33.
Ne4 Bd8 34. Ng3 Kf7 35. Kb3 Ke6 36. Kc4 Be7 37. Nf5 Bd8 38. Ng7+ Kd6 39. Nf5+
Kc6 40. c3 dxc3 41. Kxc3 Kb5 42. h5 Bb6 43. Nd6+ Kc6 44. Ne4 Bd8 45. Kc4 Be7
46. b4 Bd8 47. a4 Be7 48. Nc3 Bd8 49. a5 Be7 50. b5+ Kd6 51. Ne4+ Kd7 52. Kd5
Bd8 53. b6 axb6 54. axb6 Kc8 55. Kc6 Be7 56. Nc3 1-0

[Event "SR 1. liga zapad 2015/2016"]
[Site "?"]
[Date "2015.11.14"]
[Round "3.3"]
[White "Pupak, Tomas"]
[Black "Kalisky, Vladimir"]
[Result "0-1"]
[WhiteElo "2045"]
[BlackElo "2257"]
[PlyCount "56"]
[EventDate "2015.??.??"]

1. Nf3 d5 2. c4 d4 3. e3 Nc6 4. exd4 Nxd4 5. Nxd4 Qxd4 6. Nc3 c6 7. d3 e5 8.
Be3 Qd8 9. Be2 Ne7 10. O-O Nf5 11. Qd2 Be7 12. a3 O-O 13. b4 Nxe3 14. Qxe3 Bg5
15. Qc5 f5 16. b5 Qf6 17. bxc6 bxc6 18. Bf3 e4 19. Bxe4 fxe4 20. Nxe4 Qf5 21.
Qxc6 Bd7 22. Qa6 Bf4 23. Ng3 Qc5 24. d4 Qxd4 25. Rfd1 Bd2 26. Ra2 Rxf2 27. Kh1
Bg4 28. Qb7 Raf8 0-1

[Event "SR 1. liga zapad 2015/2016"]
[Site "?"]
[Date "2015.11.14"]
[Round "3.4"]
[White "Skreno, Vladimir"]
[Black "Podoba, Milan"]
[Result "1-0"]
[WhiteElo "2258"]
[BlackElo "2077"]
[PlyCount "63"]
[EventDate "2015.??.??"]

1. d4 d5 2. Nf3 Nf6 3. c4 c6 4. cxd5 cxd5 5. Nc3 Nc6 6. Bf4 e6 7. e3 a6 8. Bd3
Bd6 9. Bg5 h6 10. Bxf6 Qxf6 11. a3 O-O 12. Rc1 Bd7 13. Na4 Qe7 14. O-O b5 15.
Nb6 Rab8 16. Nxd7 Qxd7 17. Qe2 f5 18. b4 Rbc8 19. Nd2 Nb8 20. Nb3 Rxc1 21. Rxc1
Rc8 22. Nc5 Qe7 23. Ra1 Bxc5 24. bxc5 Qc7 25. Qe1 Nc6 26. a4 Rb8 27. f4 Qb7 28.
axb5 axb5 29. Qb1 b4 30. Ra6 Kf7 31. Qb3 g6 32. Qa4 1-0

[Event "SR 1. liga zapad 2015/2016"]
[Site "?"]
[Date "2015.11.14"]
[Round "3.5"]
[White "Bombek, Peter"]
[Black "Szucs, Vladimir"]
[Result "1/2-1/2"]
[WhiteElo "2145"]
[BlackElo "2164"]
[PlyCount "121"]
[EventDate "2015.??.??"]

1. d4 Nf6 2. Bg5 Ne4 3. Bf4 d5 4. Nd2 Nxd2 5. Qxd2 Bf5 6. e3 e6 7. Bd3 Bxd3 8.
Qxd3 c6 9. Nf3 Nd7 10. O-O Be7 11. c4 dxc4 12. Qxc4 Nf6 13. Bg5 O-O 14. h3 h6
15. Bh4 Ne4 16. Bxe7 Qxe7 17. Qc2 Nf6 18. a3 Rfd8 19. Rfc1 Qd7 20. Qb3 Rab8 21.
Ne5 Qe7 22. Qc2 Nd7 23. Nxd7 Qxd7 24. Qc5 Ra8 25. a4 a5 26. Ra3 Qc7 27. Rb3 Rd5
28. Qb6 Qxb6 29. Rxb6 Ra7 30. Kf1 Kf8 31. Ke2 Ke7 32. Kd3 Kd8 33. Rb3 Kc7 34.
Rbc3 Ra8 35. e4 Rd6 36. Rc5 Rad8 37. R1c4 Kb6 38. b4 axb4 39. Rxb4+ Kc7 40. a5
Ra8 41. Rbc4 Kd7 42. Ke3 Ke7 43. Rb4 Rd7 44. Rb6 Kd6 45. f4 Kc7 46. f5 exf5 47.
Rxf5 Rad8 48. Rb4 Re8 49. Rc5 Rde7 50. d5 Kd6 51. Rcc4 cxd5 52. Rb6+ Ke5 53.
Rc5 Rd8 54. Rbb5 Red7 55. exd5 Rxd5 56. Rxd5+ Rxd5 57. Rxb7 Rxa5 58. Rxf7 Ra3+
59. Kf2 g6 60. Rf8 h5 61. h4 1/2-1/2

[Event "SR 1. liga zapad 2015/2016"]
[Site "?"]
[Date "2015.11.14"]
[Round "3.6"]
[White "Horvath, Marian"]
[Black "Kutny, Marian Ml"]
[Result "1-0"]
[WhiteElo "2164"]
[BlackElo "1966"]
[PlyCount "57"]
[EventDate "2015.??.??"]

1. c4 e5 2. Nc3 Nf6 3. g3 d5 4. cxd5 Nxd5 5. Bg2 c6 6. Nf3 Bd6 7. d4 Nxc3 8.
bxc3 exd4 9. cxd4 O-O 10. O-O Be6 11. Ng5 Bf5 12. e4 Bg6 13. f4 h6 14. f5 Bxf5
15. Rxf5 hxg5 16. Bxg5 Be7 17. Be3 g6 18. Qg4 Bf6 19. e5 Bg7 20. Rf2 Qd7 21.
Qh4 Na6 22. Rb1 Rab8 23. Bg5 Rfe8 24. Rf4 Nc7 25. Bf6 Nd5 26. Bxd5 Qxd5 27.
Bxg7 Kxg7 28. Qf6+ Kf8 29. Rh4 1-0

[Event "SR 1. liga zapad 2015/2016"]
[Site "?"]
[Date "2015.11.14"]
[Round "3.7"]
[White "Orgon, Dusan"]
[Black "Pinter, Patrik"]
[Result "0-1"]
[WhiteElo "2030"]
[BlackElo "2146"]
[PlyCount "88"]
[EventDate "2015.??.??"]

1. d4 g6 2. e4 Bg7 3. Be3 c5 4. Nc3 Nc6 5. Nge2 cxd4 6. Nxd4 Nf6 7. Be2 O-O 8.
O-O d5 9. exd5 Nxd5 10. Nxd5 Qxd5 11. Bf3 Qc4 12. Nxc6 bxc6 13. c3 Rb8 14. Qc1
a5 15. Re1 Be6 16. Bg5 Rb7 17. Re4 Qc5 18. Be3 Qd6 19. Ra4 Qc7 20. Rh4 Rd8 21.
Bd4 f6 22. b3 Bd5 23. Qe3 e5 24. Bc5 Bxf3 25. Qxf3 Rd5 26. Rc4 Qd8 27. Be3 Qd6
28. h3 f5 29. Re1 Rd7 30. g3 e4 31. Qe2 Be5 32. Kg2 Rd3 33. Bc5 Qf6 34. Bd4
Bxd4 35. cxd4 R7xd4 36. Qc2 Rxc4 37. Qxc4+ Kg7 38. Re2 h5 39. Rc2 h4 40. g4 Rd6
41. Qe2 Rd3 42. Rd2 Qd4 43. Rc2 f4 44. Kh2 f3 0-1

[Event "SR 1. liga zapad 2015/2016"]
[Site "?"]
[Date "2015.11.14"]
[Round "3.8"]
[White "Dlhy, Jozef"]
[Black "Tomko, Michal"]
[Result "1-0"]
[WhiteElo "2059"]
[BlackElo "1634"]
[PlyCount "123"]
[EventDate "2015.??.??"]

1. d4 Nf6 2. c4 d5 3. cxd5 e6 4. dxe6 Bxe6 5. Nc3 Bb4 6. Nf3 O-O 7. g3 Nc6 8.
Bg2 Ne4 9. Bd2 Nxd2 10. Qxd2 Re8 11. O-O Bc4 12. Rfe1 Rb8 13. e4 Ne7 14. a3 Ba5
15. b4 Bb6 16. Na4 c6 17. Nxb6 Qxb6 18. Bh3 Ng6 19. Re3 Rbd8 20. Qc3 Be6 21.
Bxe6 Rxe6 22. Qc5 h6 23. Kg2 Red6 24. Qc3 R6d7 25. Rd1 Kf8 26. Red3 Kg8 27. Qc4
Kf8 28. h4 f6 29. h5 Nh8 30. Nh4 a5 31. Qc5+ Qxc5 32. bxc5 Nf7 33. f4 Ke8 34.
Kf3 Nh8 35. a4 Kf7 36. Nf5 g6 37. hxg6+ Kxg6 38. Rb3 Nf7 39. Rdb1 Rb8 40. Rb6
Nd8 41. Ke3 Rh7 42. Ra6 h5 43. Rxa5 Ne6 44. Ra7 Rd7 45. a5 Nc7 46. a6 Nb5 47.
Rxb7 Rbxb7 48. axb7 Rxb7 49. Ra1 Nc7 50. Ne7+ Kh6 51. Nxc6 Rb3+ 52. Kd2 Rxg3
53. d5 h4 54. Nd4 Rg2+ 55. Ke3 Rg3+ 56. Kf2 Rd3 57. d6 Rd2+ 58. Kg1 h3 59. dxc7
Rg2+ 60. Kh1 Rg8 61. Nf5+ Kh5 62. Ne7 1-0

[Event "SR 1. liga zapad 2015/2016"]
[Site "?"]
[Date "2015.11.14"]
[Round "3.1"]
[White "Gazik, Viktor"]
[Black "Balogh, Tomas"]
[Result "1-0"]
[WhiteElo "2432"]
[BlackElo "2342"]
[PlyCount "67"]
[EventDate "2015.??.??"]

1. f4 d5 2. Nf3 g6 3. g3 Bg7 4. Bg2 Nh6 5. O-O c5 6. Nc3 Nc6 7. d3 Rb8 8. e4
dxe4 9. dxe4 Qxd1 10. Nxd1 b6 11. c3 O-O 12. h3 f6 13. Ne3 Nf7 14. Re1 Ba6 15.
h4 Nd6 16. Nd5 e6 17. Nc7 Bc8 18. Bh3 e5 19. Bf1 Rb7 20. Nb5 Nf7 21. Bc4 Kh8
22. Bd5 Nfd8 23. Be3 Re7 24. Kg2 exf4 25. Bxf4 Ne5 26. Nxe5 fxe5 27. Bg5 Bf6
28. Rf1 Kg7 29. Be3 Ba6 30. a4 Rd7 31. Rad1 Bb7 32. Bxb7 Rxb7 33. Rxf6 Kxf6 34.
Bg5+ 1-0

[Event "SR 1. liga zapad 2015/2016"]
[Site "?"]
[Date "2015.11.14"]
[Round "3.2"]
[White "Sahidi, Samir"]
[Black "Dobrotka, Martin"]
[Result "1/2-1/2"]
[WhiteElo "2242"]
[BlackElo "2175"]
[PlyCount "163"]
[EventDate "2015.??.??"]

1. e4 e6 2. d4 d5 3. Nc3 Nf6 4. Bg5 Be7 5. e5 Nfd7 6. Bxe7 Qxe7 7. f4 a6 8. Nf3
c5 9. dxc5 Nc6 10. Na4 Nxc5 11. Nxc5 Qxc5 12. Qd2 Bd7 13. O-O-O Qa5 14. Qxa5
Nxa5 15. Bd3 Ke7 16. Kd2 Bb5 17. Nd4 Bxd3 18. cxd3 Rhc8 19. Rc1 Kd7 20. f5 exf5
21. Nxf5 Rxc1 22. Rxc1 Nc6 23. Nd6 Nxe5 24. Nxb7 Rb8 25. Nc5+ Kd6 26. b3 Nc6
27. Na4 Re8 28. Nc3 Re5 29. Ne2 f6 30. a3 a5 31. Rb1 Re8 32. b4 axb4 33. axb4
Ra8 34. Rb2 Ne5 35. b5 g6 36. b6 Nd7 37. b7 Rb8 38. Nd4 Kc7 39. Ke3 Rxb7 40.
Ne6+ Kb8 41. Rc2 Rb6 42. Nf4 Rb5 43. g4 Kb7 44. h3 Ne5 45. Ne6 Nc6 46. Kf4 Rb4+
47. Ke3 Rb1 48. Kf2 Kb6 49. Nf8 Rb3 50. Nxh7 Rxd3 51. Nxf6 Ne5 52. Kg2 Kb5 53.
Re2 Nf3 54. Nd7 Kc4 55. Kf2 Kd4 56. Nf8 Nh4 57. Ne6+ Kc3 58. Re3 Rxe3 59. Kxe3
g5 60. Nxg5 d4+ 61. Ke2 Kc2 62. Ne4 Ng6 63. g5 Nh4 64. Nf2 Kc3 65. Nd3 Ng6 66.
Nc5 Kc4 67. Nd3 Kc3 68. Nc5 Kc4 69. Ne4 Kd5 70. Nd2 Nf4+ 71. Kf3 Nxh3 72. g6
Ng5+ 73. Kf4 Ne6+ 74. Kf5 Ng7+ 75. Kf6 Nh5+ 76. Kf7 d3 77. Nf1 Ke4 78. Nd2+ Ke3
79. Nb3 d2 80. Nxd2 Kxd2 81. g7 Nxg7 82. Kxg7 1/2-1/2

[Event "SR 1. liga zapad 2015/2016"]
[Site "?"]
[Date "2015.11.14"]
[Round "3.3"]
[White "Hanko, Pavol"]
[Black "Macko, Miroslav"]
[Result "1-0"]
[WhiteElo "2136"]
[BlackElo "2067"]
[PlyCount "119"]
[EventDate "2015.??.??"]

1. d4 Nf6 2. Nf3 c5 3. d5 g6 4. Nc3 Bg7 5. e4 d6 6. Bb5+ Bd7 7. a4 O-O 8. O-O
b6 9. Nd2 e5 10. Nc4 Ne8 11. a5 Bxb5 12. Nxb5 a6 13. Nxb6 Nd7 14. Nxa8 axb5 15.
Nb6 Nxb6 16. axb6 Qxb6 17. Bg5 Nc7 18. Qd2 b4 19. c4 f5 20. f3 Ne8 21. Ra8 fxe4
22. Be7 Qb7 23. Bxf8 Qxa8 24. Bxg7 Kxg7 25. fxe4 Nf6 26. Qg5 Qf8 27. Qh4 Qe7
28. Qe1 Qd7 29. Qf2 Qe7 30. Qf3 Nh5 31. g3 Nf6 32. Ra1 Qb7 33. g4 Qd7 34. h3
Qb7 35. Kh2 Qd7 36. Rf1 Qe7 37. Ra1 Qb7 38. Ra5 Qb6 39. Ra8 Qb7 40. Ra4 Qb6 41.
g5 Nh5 42. Ra8 Nf4 43. Qg4 Qc7 44. Rc8 Qe7 45. Rc6 Qd8 46. Ra6 Qc7 47. Ra8 h5
48. gxh6+ Kxh6 49. Qh4+ Nh5 50. Qd8 Qf7 51. Qf8+ Qxf8 52. Rxf8 Kg5 53. Rd8 Nf6
54. h4+ Kxh4 55. Rxd6 Kg5 56. Re6 Nd7 57. Kg3 Nf6 58. Rxe5+ Kh6 59. d6 Kg7 60.
d7 1-0

[Event "SR 1. liga zapad 2015/2016"]
[Site "?"]
[Date "2015.11.14"]
[Round "3.4"]
[White "Slacky, Stanislav"]
[Black "Reisel, Frantisek"]
[Result "0-1"]
[WhiteElo "2199"]
[BlackElo "2068"]
[PlyCount "120"]
[EventDate "2015.??.??"]

1. d4 d5 2. c4 c6 3. Nf3 Nf6 4. g3 g6 5. Bg2 Bg7 6. O-O O-O 7. Qb3 dxc4 8. Qxc4
Nbd7 9. Nc3 Nb6 10. Qd3 Nfd5 11. e4 Nc7 12. Rd1 Bg4 13. Bf4 e6 14. Rac1 Rc8 15.
a4 Qe7 16. a5 Nba8 17. Qc4 Rfd8 18. Rd2 Bxf3 19. Bxf3 e5 20. dxe5 Rxd2 21. Bxd2
Bxe5 22. Be3 a6 23. Qb3 Nb5 24. Nxb5 axb5 25. Bg4 Rd8 26. a6 bxa6 27. Rxc6 Qb7
28. Qc2 a5 29. h4 h5 30. Bc8 Qb8 31. Bg5 Rd6 32. Rc5 Bd4 33. Rd5 Rxd5 34. exd5
Qxg3+ 35. Kf1 Qe5 36. Qc6 Qh2 37. Qe8+ Kg7 38. Be3 Qh1+ 39. Ke2 Qxd5 40. Bb7
Qc4+ 41. Kf3 Nc7 42. Qe7 Ne6 43. b3 Qxb3 44. Bc6 Qd1+ 45. Kg2 Qg4+ 46. Kh2 Bf6
47. Qa7 Be5+ 48. Kh1 Qxh4+ 49. Kg1 Qh2+ 50. Kf1 Qh3+ 51. Ke1 Bc3+ 52. Ke2 Qg4+
53. Bf3 Qc4+ 54. Kd1 Qd3+ 55. Kc1 b4 56. Bd1 Qc4 57. Qb7 Qa2 58. Bxh5 b3 59.
Bxg6 Qa1+ 60. Bb1 Qb2+ 0-1

[Event "SR 1. liga zapad 2015/2016"]
[Site "?"]
[Date "2015.11.14"]
[Round "3.5"]
[White "Gunis, Juraj"]
[Black "Dujava, Daniel"]
[Result "0-1"]
[WhiteElo "2051"]
[BlackElo "2139"]
[PlyCount "66"]
[EventDate "2015.??.??"]

1. Nf3 Nf6 2. c4 b6 3. g3 c5 4. Bg2 Bb7 5. O-O e6 6. b3 Be7 7. Bb2 O-O 8. Nc3
a6 9. Re1 Ne4 10. Nxe4 Bxe4 11. d3 Bb7 12. e4 Nc6 13. d4 cxd4 14. Nxd4 Bc5 15.
Nxc6 Bxc6 16. Qg4 f6 17. Rad1 e5 18. Re2 b5 19. Red2 Qb6 20. Bf1 Ra7 21. Bc3 b4
22. Bb2 d6 23. h4 Raf7 24. Bd3 Bd7 25. Qe2 f5 26. exf5 Bxf5 27. Bxf5 Rxf5 28.
Qe4 Kh8 29. Qd5 Bxf2+ 30. Kg2 Bxg3 31. Kxg3 Qe3+ 32. Kh2 Rf2+ 33. Rxf2 Rxf2+
0-1

[Event "SR 1. liga zapad 2015/2016"]
[Site "?"]
[Date "2015.11.14"]
[Round "3.6"]
[White "Pytlik, Pavol"]
[Black "Mikus, Teodor"]
[Result "1/2-1/2"]
[WhiteElo "2091"]
[BlackElo "1886"]
[PlyCount "26"]
[EventDate "2015.??.??"]

1. e4 c5 2. Nc3 Nc6 3. f4 d6 4. Nf3 g6 5. g3 Bg7 6. Bg2 a6 7. a4 Bd7 8. O-O Rb8
9. d3 e6 10. Be3 Nge7 11. Qd2 O-O 12. g4 Nd4 13. b3 Qa5 1/2-1/2

[Event "SR 1. liga zapad 2015/2016"]
[Site "?"]
[Date "2015.11.14"]
[Round "3.7"]
[White "Kurtulik, Andrej"]
[Black "Meszaros, Norbert"]
[Result "0-1"]
[WhiteElo "1881"]
[BlackElo "2068"]
[PlyCount "114"]
[EventDate "2015.??.??"]

1. e4 c5 2. Nf3 e6 3. d4 cxd4 4. Nxd4 a6 5. Nc3 b5 6. a3 Bb7 7. Bd3 Qc7 8. O-O
Nf6 9. Be3 Be7 10. f3 O-O 11. Kh1 Nc6 12. Nxc6 dxc6 13. Qe1 c5 14. Rd1 c4 15.
Be2 Bc5 16. Bg5 Be7 17. Qg3 Qxg3 18. hxg3 Bc5 19. g4 Bc6 20. e5 Nd5 21. Nxd5
Bxd5 22. f4 f6 23. exf6 gxf6 24. Bh4 Rad8 25. g5 Be4 26. gxf6 Kf7 27. Bh5+ Bg6
28. Bxg6+ hxg6 29. c3 Be3 30. g3 Bd2 31. Kg2 Rd3 32. Rf3 Rfd8 33. Rxd3 Rxd3 34.
Kf1 Be3 35. Ke2 Rxd1 36. Kxd1 e5 37. fxe5 g5 38. Kc2 gxh4 39. gxh4 Bf4 40. b3
Bxe5 41. a4 cxb3+ 42. Kxb3 bxa4+ 43. Kxa4 Bxc3 44. h5 Kxf6 45. Kb3 Be1 46. Kc4
a5 47. Kb5 Kg5 48. h6 Kxh6 49. Ka4 Kg5 50. Kb3 Kf5 51. Kc2 Ke5 52. Kd1 Bb4 53.
Kc2 a4 54. Kb2 Kd4 55. Kc2 Kc4 56. Kb2 a3+ 57. Kc2 Be7 0-1

[Event "SR 1. liga zapad 2015/2016"]
[Site "?"]
[Date "2015.11.14"]
[Round "3.8"]
[White "Szeko, Ludovit"]
[Black "Marko, Martin"]
[Result "1-0"]
[WhiteElo "2034"]
[BlackElo "1874"]
[PlyCount "63"]
[EventDate "2015.??.??"]

1. e4 c6 2. d4 d5 3. exd5 cxd5 4. c3 Nc6 5. Nf3 a6 6. Bf4 Bf5 7. Nbd2 Nf6 8.
Be2 e6 9. O-O Bd6 10. Bxd6 Qxd6 11. Re1 O-O 12. Bf1 b5 13. Ne5 Rfc8 14. a3 Nd7
15. g4 Bg6 16. Nxd7 Qxd7 17. f4 h6 18. Re3 f5 19. Bd3 Ne7 20. Nf3 Rf8 21. Ne5
Qd6 22. h4 Bh7 23. g5 Ng6 24. Nxg6 Bxg6 25. Qf3 h5 26. Rae1 Bf7 27. g6 Bxg6 28.
Rxe6 Qd8 29. Rxg6 Qxh4 30. Re5 Rae8 31. Bf1 Kh7 32. Qg3 1-0

[Event "SR 1. liga zapad 2015/2016"]
[Site "?"]
[Date "2015.11.14"]
[Round "3.1"]
[White "Sipos, Istvan"]
[Black "Rigo, Zsolt"]
[Result "1-0"]
[WhiteElo "2491"]
[BlackElo "2381"]
[PlyCount "73"]
[EventDate "2015.??.??"]

1. c4 c5 2. g3 g6 3. Bg2 Bg7 4. Nc3 Nc6 5. Nf3 d6 6. O-O e6 7. e3 Nge7 8. d4
O-O 9. d5 Na5 10. Nd2 Rb8 11. Qc2 exd5 12. cxd5 b5 13. Rb1 b4 14. Ne2 Bb7 15.
Nf4 Ba6 16. Re1 c4 17. b3 Qc8 18. bxc4 Nxc4 19. Qa4 Bc3 20. Rd1 Bb5 21. Qc2 Qa6
22. Bf1 Rfc8 23. Nxc4 Bxc4 24. Bxc4 Qxc4 25. h4 Rb5 26. e4 Ra5 27. Rb3 Be5 28.
Qb1 Qc2 29. Qxc2 Rxc2 30. Nd3 Bc3 31. Nxb4 Bxb4 32. Rxb4 Raxa2 33. Be3 f5 34.
e5 f4 35. exd6 fxe3 36. d7 exf2+ 37. Kf1 1-0

[Event "SR 1. liga zapad 2015/2016"]
[Site "?"]
[Date "2015.11.14"]
[Round "3.2"]
[White "Schwarz, Dusan"]
[Black "Berczes, Csaba"]
[Result "0-1"]
[WhiteElo "2294"]
[BlackElo "2365"]
[PlyCount "78"]
[EventDate "2015.??.??"]

1. e4 d6 2. d4 Nf6 3. Nc3 e5 4. Nf3 Nbd7 5. Bc4 Be7 6. O-O O-O 7. a4 c6 8. Ba2
Rb8 9. Qe2 Qc7 10. Rd1 a5 11. h3 h6 12. dxe5 dxe5 13. Nh4 Kh7 14. Nf5 Bb4 15.
Bxh6 g6 16. Bxf8 Nxf8 17. Ng3 Ne6 18. Qf3 Kg7 19. Nce2 Bc5 20. Bxe6 Bxe6 21.
Nc1 Nh7 22. Nd3 Ba7 23. Nf1 Ng5 24. Qe2 Rh8 25. Nh2 Rh4 26. Ng4 f6 27. Ne1 Qc8
28. Nf3 Nxh3+ 29. gxh3 Bxg4 30. Ra3 Rxh3 31. Kf1 Qh8 32. Ke1 Qh6 33. Ng1 Bxe2
34. Rxh3 Bxd1 35. Rxh6 Kxh6 36. Kxd1 Bxf2 37. Nf3 Kh5 38. Ke2 Bb6 39. Nd2 Kg4
0-1

[Event "SR 1. liga zapad 2015/2016"]
[Site "?"]
[Date "2015.11.14"]
[Round "3.3"]
[White "Farkas, Gabor"]
[Black "Lintner, Igor Ml"]
[Result "1-0"]
[WhiteElo "2344"]
[BlackElo "2128"]
[PlyCount "71"]
[EventDate "2015.??.??"]

1. e4 c5 2. Nf3 e6 3. b4 b6 4. bxc5 bxc5 5. Nc3 Nc6 6. Rb1 Rb8 7. Rxb8 Nxb8 8.
Bc4 Ba6 9. Qe2 Bxc4 10. Qxc4 Nc6 11. O-O Be7 12. e5 g5 13. d3 h5 14. Re1 g4 15.
Nd2 Qb8 16. Qe4 Qb4 17. Qxb4 Nxb4 18. Nde4 f6 19. Bf4 Nxc2 20. Rb1 Nb4 21. Nb5
Nxd3 22. Be3 fxe5 23. Nbd6+ Bxd6 24. Nxd6+ Ke7 25. Nc8+ Kf7 26. Rb7 Nf6 27.
Nxa7 Kg6 28. a4 Rd8 29. a5 Nd5 30. Bd2 c4 31. Nb5 Rc8 32. a6 c3 33. Nxc3 Nxc3
34. a7 Ra8 35. Bxc3 d5 36. Rc7 1-0

[Event "SR 1. liga zapad 2015/2016"]
[Site "?"]
[Date "2015.11.14"]
[Round "3.4"]
[White "Polacik, Igor"]
[Black "Janko, Michal"]
[Result "0-1"]
[WhiteElo "2125"]
[BlackElo "2260"]
[PlyCount "54"]
[EventDate "2015.??.??"]

1. c4 f5 2. Nf3 Nf6 3. d4 e6 4. Nc3 Bb4 5. Qc2 b6 6. Bg5 Bb7 7. a3 Bxc3+ 8.
Qxc3 O-O 9. g3 Qe8 10. Bxf6 Rxf6 11. Bg2 d6 12. O-O-O Nd7 13. Ne1 Qb8 14. Bxb7
Qxb7 15. Qf3 c6 16. Kb1 b5 17. cxb5 Qxb5 18. Qd3 Qb6 19. Nf3 Rf7 20. g4 fxg4
21. Ng5 Rf5 22. Nxe6 Rb5 23. Qc2 Rb8 24. Rd2 Qa5 25. Rg1 Rxb2+ 26. Qxb2 Rxb2+
27. Rxb2 Qf5+ 0-1

[Event "SR 1. liga zapad 2015/2016"]
[Site "?"]
[Date "2015.11.14"]
[Round "3.5"]
[White "Janko, Ladislav"]
[Black "Krajnak, Robert"]
[Result "1-0"]
[WhiteElo "2162"]
[BlackElo "2064"]
[PlyCount "31"]
[EventDate "2015.??.??"]

1. e4 c5 2. Nf3 e6 3. c3 d5 4. exd5 Qxd5 5. Na3 Nf6 6. d4 cxd4 7. Nb5 Qd8 8.
Bf4 Nd5 9. Bxb8 Rxb8 10. Qxd4 a6 11. Qe5 Ra8 12. O-O-O Be7 13. Rxd5 exd5 14.
Nc7+ Kf8 15. Nxa8 Be6 16. Nc7 1-0

[Event "SR 1. liga zapad 2015/2016"]
[Site "?"]
[Date "2015.11.14"]
[Round "3.6"]
[White "Nemsak, Denis"]
[Black "Balogh, Peter"]
[Result "0-1"]
[WhiteElo "2091"]
[BlackElo "2105"]
[PlyCount "118"]
[EventDate "2015.??.??"]

1. d4 Nf6 2. c4 c5 3. d5 e6 4. Nc3 exd5 5. cxd5 d6 6. e4 g6 7. f4 Bg7 8. Nf3
O-O 9. Be2 Re8 10. e5 dxe5 11. fxe5 Ng4 12. e6 fxe6 13. d6 Bd7 14. O-O Bc6 15.
Ng5 Ne5 16. Nge4 Nbd7 17. Bg5 Qb6 18. Qd2 Qb4 19. Qf4 Rf8 20. Qh4 Nf7 21. Be7
Bxc3 22. Nxc3 Qxh4 23. Bxh4 Nxd6 24. Be7 Rxf1+ 25. Bxf1 Nf5 26. Bg5 h6 27. Bd2
g5 28. Re1 Nf8 29. Nb5 Rd8 30. Bc3 a6 31. Ba5 Rd7 32. Nc3 b5 33. a4 Nd4 34.
axb5 axb5 35. Bb6 c4 36. Ne4 Bxe4 37. Rxe4 Nb3 38. Be3 Nd2 39. Re5 Nxf1 40.
Kxf1 Rd5 41. Re4 Kf7 42. h4 Nd7 43. hxg5 hxg5 44. b3 Nf6 45. Rd4 Rxd4 46. Bxd4
Nd5 47. bxc4 bxc4 48. Kf2 Ke7 49. Kf3 Kd6 50. Ke4 c3 51. g4 c2 52. Bb2 Nb4 53.
Ba3 Kd7 54. Bc1 Na2 55. Bxg5 c1=Q 56. Bxc1 Nxc1 57. g5 Ne2 58. Ke5 Ng3 59. g6
Nh5 0-1

[Event "SR 1. liga zapad 2015/2016"]
[Site "?"]
[Date "2015.11.14"]
[Round "3.7"]
[White "Dvorsky, Jozef"]
[Black "Petrik, Karol"]
[Result "0-1"]
[WhiteElo "2034"]
[BlackElo "2056"]
[PlyCount "43"]
[EventDate "2015.??.??"]

1. e4 c6 2. d4 g6 3. Bd3 Bg7 4. c3 d5 5. e5 c5 6. Be3 Nc6 7. Qd2 h5 8. Ne2 Nh6
9. Bxh6 Bxh6 10. f4 Qb6 11. dxc5 Qxc5 12. b4 Qb6 13. Qc2 Be6 14. Rf1 Rc8 15.
Qa4 Bg4 16. b5 Nd8 17. Nd4 Ne6 18. h3 Nc5 19. Qc2 Bd7 20. Nd2 Ne6 21. Nxe6 Bxe6
22. O-O-O 0-1

[Event "SR 1. liga zapad 2015/2016"]
[Site "?"]
[Date "2015.11.14"]
[Round "3.8"]
[White "Machalec, Vladimir"]
[Black "Bott, Tamas"]
[Result "1-0"]
[WhiteElo "1840"]
[BlackElo "1735"]
[PlyCount "115"]
[EventDate "2015.??.??"]

1. c4 e6 2. Nc3 Nf6 3. g3 Bb4 4. Bg2 c6 5. Nf3 Bxc3 6. bxc3 O-O 7. O-O d5 8.
Ba3 Re8 9. Qb3 Nbd7 10. d4 Qb6 11. Nd2 Qxb3 12. axb3 dxc4 13. Nxc4 Nd5 14. Nd6
Rd8 15. c4 Nc7 16. Rfd1 Ne8 17. d5 exd5 18. cxd5 Nxd6 19. Bxd6 cxd5 20. Rxd5
Nf6 21. Rdd1 a5 22. Bc7 Rxd1+ 23. Rxd1 Bd7 24. Be5 Bc6 25. Bxc6 bxc6 26. Bxf6
gxf6 27. Rd6 c5 28. Rc6 a4 29. bxa4 Ra5 30. Rxf6 Rxa4 31. Rc6 Rc4 32. Kg2 Kg7
33. Kf3 Rc3+ 34. Ke4 c4 35. h4 Rc2 36. Ke3 Kg8 37. h5 Kf8 38. h6 c3 39. Rc8+
Ke7 40. Rh8 Rd2 41. Rc8 Rd6 42. Rxc3 Rxh6 43. Rc7+ Kf8 44. f4 f5 45. Kf3 Kg8
46. Rc5 Rf6 47. g4 fxg4+ 48. Kxg4 Re6 49. Kf3 Re7 50. e4 Kg7 51. f5 Kf7 52. Kf4
Kf8 53. Rc8+ Kg7 54. e5 Rf7 55. f6+ Kg6 56. Rg8+ Kh6 57. Kf5 Ra7 58. Rg1 1-0

[Event "SR 1. liga zapad 2015/2016"]
[Site "?"]
[Date "2015.11.14"]
[Round "3.1"]
[White "Gasa, Andrej"]
[Black "Petran, Peter"]
[Result "1/2-1/2"]
[WhiteElo "2337"]
[BlackElo "2340"]
[PlyCount "91"]
[EventDate "2015.??.??"]

1. e4 g6 2. d4 Bg7 3. Nf3 c6 4. Bd3 d5 5. c3 dxe4 6. Bxe4 Nf6 7. Bc2 Be6 8. O-O
Bd5 9. Nbd2 b5 10. a4 Nbd7 11. axb5 cxb5 12. Qe2 a6 13. Re1 e6 14. Ne4 Nxe4 15.
Bxe4 Nf6 16. Bxd5 Qxd5 17. Bf4 O-O 18. Ra5 Rfc8 19. Rea1 Qb7 20. Be5 h6 21. h3
Nd7 22. Bxg7 Kxg7 23. Nd2 Qb6 24. Nb3 Qc6 25. Nd2 f5 26. Nf3 Rd8 27. d5 Qxd5
28. Rxa6 Rxa6 29. Rxa6 Nf8 30. Ra7+ Kf6 31. Nd4 b4 32. Qe3 g5 33. h4 Ng6 34.
Ra5 Qd6 35. Nf3 g4 36. h5 gxf3 37. hxg6 fxg2 38. Kxg2 Rg8 39. cxb4 Rxg6+ 40.
Kh3 Rg5 41. Qc3+ Kg6 42. Re5 Kf7 43. Rc5 Qd1 44. Rc7+ Kg6 45. Rg7+ Kh5 46.
Rxg5+ 1/2-1/2